| 000 | 00426nam a2200169Ia 4500 | ||
|---|---|---|---|
| 008 | 100526t2009 xxu||||| |||| 00| 0 sin d | ||
| 041 | _asin | ||
| 080 |
_aX8S31 _bSUR |
||
| 100 | _aSuriyaarachchi, Karunadasa | ||
| 245 | _aකළු දෝංකාරය | ||
| 246 | _aKalu Don Karaya | ||
| 260 |
_bDJ _aColombo _c2009 |
||
| 300 | _a207p., 21 cm | ||
| 942 | _cBK | ||
| 999 |
_c73199 _d73199 |
||
| 003 | LK-CoDNM | ||
| 040 |
_aLK-CoDNM _dLK-CoDNM _eLK-CoDNM |
||